Consolidación de habilidades profesionales a través de una experiencia de trabajo : seguimiento de cultivos de verano en el sudoeste bonaerense /

Guardado en:
Autor Principal: Ponce, Agustín.
Autor Corporativo: Universidad Nacional del Sur. Departamento de Agronomía.
Otros Autores: Pellegrini, Cecilia N., (tutor.)
Formato: Libro
Idioma:Spanish
Publicado: Bahía Blanca, 2015.
Etiquetas: Agregar Etiqueta
Sin Etiquetas, Sea el primero en etiquetar este registro!
LEADER 00786nam a22001695a 4500
001 EEA.libagro010602
005 20181011114136.0
008 140403s2015####ag#a##########000#0#spa#d
082 0 4 |a 378.82 
100 1 |a Ponce, Agustín. 
245 1 0 |a Consolidación de habilidades profesionales a través de una experiencia de trabajo :  |b seguimiento de cultivos de verano en el sudoeste bonaerense /  |c Agustín Ponce. 
260 |a Bahía Blanca,  |c 2015. 
300 |a 38 h. :  |b il., fot. col. ;  |c 30 cm. 
500 |a Trabajo de intensificación (Ingeniero Agrónomo) -- Universidad Nacional del Sur. Departamento de Agronomía, 2015. 
700 1 |a Pellegrini, Cecilia N.,  |e tutor. 
710 2 |a Universidad Nacional del Sur.  |b Departamento de Agronomía. 
859 |a AR-BbBCA  |b BIB. AGRONOMIA  |h 378.82  |i P792  |p 2015/6624